000 00391nam a2200157Ia 4500
005 20250528012610.0
008 240331s9999 xx 000 0 und d
020 _a9559570706
082 _a302.2
_bWER
100 _aWergama, G
245 0 _aDashakayaka cinemava
260 _aColombo
_bS. Godage & Brothers
_c1994
300 _a143 p .,
500 _aA decade of cinema ( 1980)
942 _cL
999 _c1201
_d1201